| 000 | 00505cas a2200157 4500 | ||
|---|---|---|---|
| 008 | 120912n eng u | ||
| 022 | _a0227-8688 | ||
| 035 | _a(Sirsi) a177329 | ||
| 050 | _aTN5.M5 | ||
| 245 | _aAmerican Mining Congress Journal | ||
| 260 |
_aWashington D.C _bAmerican Mining Congress |
||
| 310 | _aMonthly | ||
| 362 | _aVol. 65, No. 1, 1979 - Vol. 76, No. 12, 1990 | ||
| 520 | _aThis journal publishes information on the mining sector in the United States of America | ||
| 650 | _aMining | ||
| 999 |
_c9443 _d9443 |
||